Facilitating human learning / (Record no. 115695)
[ view plain ]
| 000 -LEADER | |
|---|---|
| fixed length control field | 00718nam a2200217Ia 4500 |
| 008 - FIXED-LENGTH DATA ELEMENTS--GENERAL INFORMATION | |
| fixed length control field | 140429s9999 xx 000 0 und d |
| 020 ## - INTERNATIONAL STANDARD BOOK NUMBER | |
| International Standard Book Number | 9789712353550 |
| 050 ## - LIBRARY OF CONGRESS CALL NUMBER | |
| Classification number | LB 1060 |
| Item number | .Aq657 2009 |
| 100 ## - MAIN ENTRY--PERSONAL NAME | |
| Personal name | Aquino, Avelina M. |
| 245 ## - TITLE STATEMENT | |
| Title | Facilitating human learning / |
| Statement of responsibility, etc | Avelina M. Aquino. |
| 260 ## - PUBLICATION, DISTRIBUTION, ETC. (IMPRINT) | |
| Place of publication, distribution, etc | Manila : |
| Name of publisher, distributor, etc | Rex Book Store, |
| Date of publication, distribution, etc | c2009. |
| 300 ## - PHYSICAL DESCRIPTION | |
| Extent | 392 p. : |
| Dimensions | 26 cm. |
| 440 ## - SERIES STATEMENT/ADDED ENTRY--TITLE | |
| Title | (Teacher Education Academic Resources for College and Higher Education Students Series). |
| 500 ## - GENERAL NOTE | |
| General note | Includes bibliographical references and index. |
| 521 ## - TARGET AUDIENCE NOTE | |
| Target audience note | |
| 650 ## - SUBJECT ADDED ENTRY--TOPICAL TERM | |
| Topical term or geographic name as entry element | Learning |
| General subdivision | Physiological aspects. |
| 650 ## - SUBJECT ADDED ENTRY--TOPICAL TERM | |
| Topical term or geographic name as entry element | Learning, Psychology of. |
| 650 ## - SUBJECT ADDED ENTRY--TOPICAL TERM | |
| Topical term or geographic name as entry element | Social learning. |
| 942 ## - ADDED ENTRY ELEMENTS (KOHA) | |
| Call number prefix | Local |
| Koha item type | Books |
| Withdrawn status | Lost status | Source of classification or shelving scheme | Damaged status | Home library | Current library | Shelving location | Date acquired | Source of acquisition | Total Checkouts | Full call number | Barcode | Date last seen | Price effective from | Koha item type | Sub Shelving location | Total Renewals | Date checked out |
|---|---|---|---|---|---|---|---|---|---|---|---|---|---|---|---|---|---|
| Library of Congress Classification | Archives | Archives | 04/29/2014 | Donation | LB 1060 .Aq657 2009 | C16815 | 05/08/2018 | 04/29/2014 | Books | ||||||||
| Library of Congress Classification | College Library | College Library | Filipiniana Section | 11/12/2015 | Library Fund | 1 | LB 1060 .Aq657 2009 | C11826 | 05/08/2018 | 11/12/2015 | Books | 14 | 07/05/2016 |